000 00546nam a2200193Ia 4500
008 151121s9999||||xx |||||||||||||| ||und||
082 _a813-/आमले
082 _bHNW-114185
100 _aआमले रवी
245 _aमॅन हंट
260 _b"डायमंड बुक स्टॉल, सांगली।"
260 _c2013
300 _a322
600 _aआमले रवी
630 _aमॅन हंट
700 _aआमले रवी
730 _aमॅन हंट
942 _cBOOK
999 _c1263213
_d1263210